Biggest Cities and Urban Areas in Germany - Whammies - Statistics

General Stats
  • This quiz has been taken 67 times
  • The average score is 32 of 40
Answer Stats
# Einwohner # % Correct
Stadt 3.685.265 Berlin
100%
urbane Region 4.475.400 Berlin
100%
urbane Region 4.395.700 Cologne / Düsseldorf
100%
Stadt 756.021 Frankfurt am Main
100%
urbane Region 1.807.700 Frankfurt am Main
100%
Stadt 1.862.565 Hamburg
100%
urbane Region 2.627.100 Hamburg
100%
Stadt 1.505.005 Munich
100%
urbane Region 2.153.900 Munich
100%
Stadt 529.508 Nuremberg
100%
urbane Region 1.046.000 Nuremberg
100%
Stadt 1.024.621 Cologne
98%
Stadt 612.663 Stuttgart
96%
urbane Region 1.472.800 Stuttgart
96%
Stadt 564.904 Dresden
93%
urbane Region 783.500 Dresden
93%
Stadt 618.685 Düsseldorf
93%
Stadt 586.271 Bremen
89%
urbane Region 940.800 Bremen
89%
Stadt 611.850 Leipzig
89%
urbane Region 724.200 Leipzig
89%
Stadt 574.682 Essen
85%
Stadt 603.462 Dortmund
84%
Stadt 522.131 Hanover
80%
urbane Region 945.000 Hanover
80%
urbane Region 5.219.200 Ruhr
80%
Stadt 318.035 Mannheim
75%
urbane Region 982.900 Mannheim
75%
Stadt 331.605 Bielefeld
62%
urbane Region 575.900 Bielefeld
62%
Stadt 323.336 Bonn
58%
Stadt 358.193 Wuppertal
58%
Stadt 502.270 Duisburg
56%
urbane Region 500.000 Wiesbaden / Mainz
49%
urbane Region 447.000 Augsburg
45%
Stadt 358.676 Bochum
44%
urbane Region 599.000 Aachen
42%
urbane Region 449.100 Karlsruhe
40%
urbane Region 540.500 Saarbrücken
36%
urbane Region 407.500 Chemnitz
22%
No matching quizzes found
Score Distribution
Percent of People with Each Score
Percentile by Number Answered
Your Score History
You have not taken this quiz